| 000 | 00795nam a2200253 a 4500 | ||
|---|---|---|---|
| 999 |
_c7944 _d7944 |
||
| 001 | 7944 | ||
| 003 | BD-JhCC | ||
| 005 | 20180215170658.0 | ||
| 008 | 180215s1984 bg |||| |||| 000 0 ben d | ||
| 035 | _a(BD-JhCC)7944 | ||
| 040 |
_aBD-JhCC _dBD-JhCC |
||
| 041 | _aben | ||
| 082 |
_a302.33 _bGUS 1984 |
||
| 100 | _aগুস্তাভ লা বঁ | ||
| 245 |
_aজনতা / _cলা বঁ গুস্তাভ ; অনুবাদ : নূর মোহাম্মদ মিঞা |
||
| 260 |
_aঢাকা : _bবাংলা একাডেমী, _c1984. |
||
| 300 |
_a159 p. : _c21 cm. |
||
| 650 | _aCrowds | ||
| 650 | _aSocial psychology | ||
| 650 | _aCollective behavior | ||
| 700 | _aমিঞা, নূর মোহাম্মদ | ||
| 942 |
_2ddc _cBK |
||